00772cam a22002411 4500001001300000003000400013005001700017008004100034010001700075025001900092035002000111040001800131041001600149042001200165050002000177130003200197245017200229250001200401260004900413300001700462700003400479999001700513sa 64001417 DLC20260227112002.0870807m19621968bg 000 0 eng  asa 64001417  aPL480:EP-E-128 a(OCoLC)16400566 aDLCcWaUdDLC1 aengarahara apremarc00aBP100b.A1 19620 aQurʼan.lEnglish & Arabic.14aThe divine Qur-an.cIt contains the Arabic text with a very lucid translatoin [sic] and short explanatory notes that make the sense clear. By al-Hajj S.M. Abdul Hamid. a1st ed. aDacca,bDistributors: Darul Islam,c1962-68. a3 v.c18 cm.1 aHamid, S. M. Abdul,eed., tr. c56736d56736